| 000 | 00377nam a2200133Ia 4500 | ||
|---|---|---|---|
| 008 | 220217s9999||||xx |||||||||||||| ||und|| | ||
| 020 | _a81-265-0296-7 | ||
| 082 | _a004.165 DRE | ||
| 100 |
_aDreamtech software team _93539 |
||
| 245 | 0 | _aProgramming for embedded systems | |
| 260 |
_aJohn wiley & sons, Inc _bNew Delhi _c2008 |
||
| 300 | _b399 | ||
| 650 | _aMICROPROCESSOR | ||
| 999 |
_c177048 _d177048 |
||